000
00297nam a2200133Ia 4500
005
20251222155122.0
008
251222s9999||||xx |||||||||||||| ||spa||
082
_a
REL.91
100
_a
CASTELLANA J.M.
245
0
_a
Historia de Cristo
250
_a
1ra. ed.
264
_b
ZIG-ZAG
942
_c
LIB
999
_c
38479
_d
38479